ROBBINS & CORTAN PATHOLOGIC BASIC OF DISEASE -VOL- II (Record no. 8179)

MARC details
000 -LEADER
fixed length control field 00472nam a22001697a 4500
005 - DATE AND TIME OF LATEST TRANSACTION
control field 20230118120715.0
008 - FIXED-LENGTH DATA ELEMENTS--GENERAL INFORMATION
fixed length control field 221221b |||||||| |||| 00| 0 eng d
020 ## - INTERNATIONAL STANDARD BOOK NUMBER
ISBN 978-81312-6211-5
041 ## - LANGUAGE CODE
Language code of text/sound track or separate title eng
082 ## - DEWEY DECIMAL CLASSIFICATION NUMBER
Classification number 616.07-SIN- R
100 ## - MAIN ENTRY--AUTHOR NAME
Personal name SINGH ,MANOJ .K AND KUMAR , VINAY
245 ## - TITLE STATEMENT
Title ROBBINS & CORTAN PATHOLOGIC BASIC OF DISEASE -VOL- II
250 ## - EDITION STATEMENT
Edition statement 10th ed.
260 ## - PUBLICATION, DISTRIBUTION, ETC. (IMPRINT)
Name of publisher ELSEVIER
Year of publication 2021
650 ## - SUBJECT ADDED ENTRY--TOPICAL TERM
Topical Term BPT PHARMACY
General subdivision D.PHARMA
942 ## - ADDED ENTRY ELEMENTS (KOHA)
Koha item type Books
Holdings
Lost status Damaged status Collection code Home library Current library Shelving location Date acquired Source of acquisition Full call number Accession Number Koha item type
    Reference JRU Library JRU Library SHELF- 8 - C 19/11/2022 LOHIA BOOK INTERNATIONAL 616.07-SIN- R 27263 Books